000 01240nam a2200277 a 4500
001 40560
003 BD-RjUL
005 20250202123624.0
008 160504s1981 bg ||||| b||| 00| 0 ben d
020 _c: Tk.30.00 (V-2)
020 _c: Tk.35.00 (V-1)
035 _a(BD-RjUL)40675
040 _aBD-RjUL
_bben
_cBD-RjUL
_dBD-RjUL
041 _aben
082 _a150
_bFOS 1980-1981
_223
100 _aফখ্‌রুজ্জামান, মীর
_9116211
245 1 0 _aসাধারণ মনোবিজ্ঞান /
_cমীর ফখ্‌রুজ্জামান
250 _a২য়. সং.
260 _aঢাকা :
_bরীতা প্রকাশনী,
_c১৯৮০-১৯৮১
300 _a খন্ড ;
_c২১ সেমি.
504 _aরেফারেন্স সংযুক্ত
505 0 _aখণ্ড ১ , ব্যবহারের বিজ্ঞানসম্মত বিশ্লেষণ ও ব্যাখ্যা -- খণ্ড ২, ব্যবহারের বিজ্ঞানসম্মত বিশ্লেষণ ও ব্যাখ্যা --
650 _aমনোবিজ্ঞান
_9116212
650 _aPsychology
_9115638
942 _2ddc
_cBK
999 _c40560
_d40560